[Event "Teplice op 10th"]
[Site "Teplice"]
[Date "2015.06.18"]
[Round "6"]
[White "Klucznik, Andre"]
[Black "Friml, Antonin"]
[Result "0-1"]
[WhiteElo "1815"]
[BlackElo "2072"]
[PlyCount "70"]
[EventDate "2015.06.13"]
[EventType "swiss"]
[EventRounds "9"]
[EventCountry "CZE"]
[SourceTitle "EXT 2017"]
[Source "ChessBase"]
[SourceDate "2016.10.25"]
[SourceVersion "1"]
[SourceVersionDate "2016.10.25"]
[SourceQuality "1"]

1. e4 c5 2. c3 d6 3. Bc4 e6 4. d4 Nd7 5. Nf3 Qc7 6. Qe2 Ngf6 7. Bf4 Be7 8. 0-0 0-0 9. Na3 a6 10. Rac1 b5 11. Bd3 e5 12. Bd2 Re8 13. Nh4 Bf8 14. f4 exd4 15. cxd4 c4 16. Bb1 Nxe4 17. Bxe4 Bb7 18. Bxh7+ Kxh7 19. Qh5+ Kg8 20. Nf3 Nf6 21. Qh4 Re2 22. Rc3 Rae8 23. Ne1 Qc6 24. Rg3 Nh7 25. Nf3 Qe4 26. Bc3 Re6 27. d5 Rg6 28. Rxg6 Qxg6 29. g4 Qe4 30. Rf2 Bxd5 31. Rxe2 Qxe2 32. Ne1 Be7 33. g5 Bd8 34. Bd4 Qe4 35. Nec2 Qg2# 0-1

[Event "CZE-chT2B 1415"]
[Site "Czech Republic"]
[Date "2015.02.22"]
[Round "8.6"]
[White "Friml, Antonin"]
[Black "Novotny, Jaroslav"]
[Result "1-0"]
[WhiteElo "2068"]
[BlackElo "2196"]
[PlyCount "161"]
[EventDate "2014.11.02"]
[EventType "team-tourn"]
[EventRounds "11"]
[EventCountry "CZE"]
[SourceTitle "EXT 2022"]
[Source "ChessBase"]
[SourceDate "2021.10.06"]
[SourceVersion "1"]
[SourceVersionDate "2021.10.06"]
[SourceQuality "1"]
[WhiteTeam "Most Chess"]
[BlackTeam "Jicin III"]
[WhiteTeamCountry "CZE"]
[BlackTeamCountry "CZE"]

1. e4 c5 2. Nf3 e6 3. d4 cxd4 4. Nxd4 Nf6 5. Bd3 Nc6 6. Nxc6 bxc6 7. 0-0 d5 8. Nd2 Be7 9. Re1 0-0 10. e5 Nd7 11. c3 a5 12. Nf3 Ba6 13. Nd4 Qc8 14. a4 Re8 15. Qc2 Bxd3 16. Qxd3 Nc5 17. Qc2 Na6 18. Be3 Qd7 19. Rad1 Rab8 20. Bc1 Rec8 21. Rd3 c5 22. Rh3 g6 23. Nb5 c4 24. Qd2 Bf8 25. Qg5 Qd8 26. Qg4 Be7 27. Nd6 Bxd6 28. exd6 f5 29. Qg3 Nc5 30. Bg5 Qd7 31. Be7 Ne4 32. Qh4 h5 33. Rxe4 dxe4 34. Qf6 Qe8 35. Rg3 Kh7 36. d7 Qg8 37. dxc8Q Rxc8 38. h4 Qg7 39. Qg5 Rb8 40. Bf6 Qh6 41. Qe3 Qxe3 42. Rxe3 Rxb2 43. Bd8 Ra2 44. Bxa5 Rxa4 45. Bc7 Kg7 46. Be5+ Kf7 47. f3 Ra5 48. Bf4 e5 49. Bg5 exf3 50. gxf3 Ke6 51. Kf1 Kd5 52. Re2 Ra3 53. Rd2+ Kc6 54. Rc2 Kd5 55. Kf2 Rb3 56. Be7 Ke6 57. Bb4 Rb1 58. Ra2 f4 59. Ra6+ Kf5 60. Be7 Rb2+ 61. Ke1 e4 62. fxe4+ Kxe4 63. Rxg6 Ke3 64. Re6+ Kd3 65. Bf6 Rh2 66. Kf1 Ra2 67. Kg1 f3 68. Bd4 Rg2+ 69. Kf1 Rg4 70. Kf2 Rxh4 71. Kxf3 Rh1 72. Re3+ Kc2 73. Kg2 Ra1 74. Re5 Ra3 75. Rxh5 Rxc3 76. Bxc3 Kxc3 77. Kf2 Kd2 78. Rd5+ Kc2 79. Ke2 c3 80. Rb5 Kc1 81. Kd3 1-0

[Event "CZE-chT2B 1415"]
[Site "Czech Republic"]
[Date "2015.02.08"]
[Round "7.7"]
[White "Friml, Antonin"]
[Black "Kubin, Vladimir"]
[Result "0-1"]
[WhiteElo "2068"]
[BlackElo "2036"]
[PlyCount "126"]
[EventDate "2014.11.02"]
[EventType "team-tourn"]
[EventRounds "11"]
[EventCountry "CZE"]
[SourceTitle "EXT 2022"]
[Source "ChessBase"]
[SourceDate "2021.10.06"]
[SourceVersion "1"]
[SourceVersionDate "2021.10.06"]
[SourceQuality "1"]
[WhiteTeam "Most Chess"]
[BlackTeam "Mlada Boleslav"]
[WhiteTeamCountry "CZE"]
[BlackTeamCountry "CZE"]

1. e4 c6 2. d4 d5 3. Nd2 dxe4 4. Nxe4 Bf5 5. Ng3 Bg6 6. Bc4 e6 7. N1e2 Bd6 8. Bb3 Nd7 9. Bf4 Qa5+ 10. c3 Qc7 11. Qd2 Ne7 12. 0-0 0-0 13. Rad1 b5 14. Rfe1 Nd5 15. Bxd6 Qxd6 16. Bc2 N7f6 17. Bxg6 hxg6 18. Nc1 c5 19. Ne4 Nxe4 20. Rxe4 cxd4 21. Rxd4 Rfc8 22. Ne2 Qe5 23. Ng3 Rab8 24. Re1 Qf6 25. Ne4 Qe7 26. Ng5 Nf6 27. Rd1 Nd5 28. Re1 Nf6 29. h4 Rd8 30. Rd1 Rxd4 31. Qxd4 Nd5 32. g3 Rc8 33. Qg4 Rc4 34. Qe2 Nf6 35. Qe5 Qe8 36. Qd6 Nd5 37. Qe5 Rc8 38. Qe2 Nf6 39. Rd4 Nd5 40. h5 gxh5 41. Qxh5 Nf6 42. Qh1 Rd8 43. Rxd8 Qxd8 44. Qb7 Qd1+ 45. Kg2 Qd5+ 46. Qxd5 Nxd5 47. Kf3 Nb6 48. b3 Nd5 49. c4 bxc4 50. bxc4 Nc3 51. c5 Kf8 52. a3 a5 53. Ke3 Nb5 54. a4 Nc3 55. Kd3 Nxa4 56. Kc4 Nb2+ 57. Kb5 a4 58. Ne4 Ke7 59. Kb6 a3 60. c6 Nc4+ 61. Kb7 Na5+ 62. Kb6 Nxc6 63. Nc3 Nb4 0-1

[Event "CZE-chT2B 1415"]
[Site "Czech Republic"]
[Date "2015.01.25"]
[Round "6.7"]
[White "Kovar, Jan"]
[Black "Friml, Antonin"]
[Result "1-0"]
[WhiteElo "2025"]
[BlackElo "2068"]
[PlyCount "79"]
[EventDate "2014.11.02"]
[EventType "team-tourn"]
[EventRounds "11"]
[EventCountry "CZE"]
[SourceTitle "EXT 2022"]
[Source "ChessBase"]
[SourceDate "2021.10.06"]
[SourceVersion "1"]
[SourceVersionDate "2021.10.06"]
[SourceQuality "1"]
[WhiteTeam "Teplice"]
[BlackTeam "Most Chess"]
[WhiteTeamCountry "CZE"]
[BlackTeamCountry "CZE"]

1. d4 Nf6 2. c4 g6 3. Nf3 Bg7 4. e3 0-0 5. Be2 b6 6. 0-0 Bb7 7. Nc3 d5 8. b3 Nbd7 9. a4 Re8 10. Ba3 a6 11. Rc1 dxc4 12. Bxc4 c6 13. Qe2 b5 14. Bd3 Qb6 15. Ne4 Nxe4 16. Bxe4 e6 17. Rc2 b4 18. Bb2 Bf8 19. Rfc1 Rec8 20. Ng5 Nf6 21. Qf3 Qd8 22. d5 exd5 23. Bxf6 Be7 24. Qh3 h5 25. Bxg6 Bxf6 26. Bxf7+ Kf8 27. Ne6+ Kxf7 28. Nxd8+ Rxd8 29. Qxh5+ Kg7 30. Qg4+ Kf7 31. Qxb4 Rd7 32. e4 dxe4 33. Qxe4 Rad8 34. h3 c5 35. Qc4+ Bd5 36. Qxc5 Bxb3 37. Qh5+ Kf8 38. Qh6+ Bg7 39. Qf4+ Kg8 40. Rc8 1-0

[Event "CZE-chT2B 1415"]
[Site "Czech Republic"]
[Date "2014.11.02"]
[Round "1.7"]
[White "Friml, Antonin"]
[Black "Kastl, Daniel"]
[Result "1-0"]
[WhiteElo "2068"]
[BlackElo "1814"]
[PlyCount "94"]
[EventDate "2014.11.02"]
[EventType "team-tourn"]
[EventRounds "11"]
[EventCountry "CZE"]
[SourceTitle "EXT 2022"]
[Source "ChessBase"]
[SourceDate "2021.10.06"]
[SourceVersion "1"]
[SourceVersionDate "2021.10.06"]
[SourceQuality "1"]
[WhiteTeam "Most Chess"]
[BlackTeam "Most Chess II"]
[WhiteTeamCountry "CZE"]
[BlackTeamCountry "CZE"]

1. e4 c6 2. Nf3 d5 3. Nc3 dxe4 4. Nxe4 Bf5 5. Ng3 Bg6 6. Bc4 Nd7 7. 0-0 Ngf6 8. d4 e6 9. Qe2 Qc7 10. Re1 0-0-0 11. a4 Nb6 12. Bb3 Nbd5 13. Ne5 Bd6 14. a5 Bb4 15. Bd2 Bxd2 16. Qxd2 Nd7 17. c4 Nxe5 18. cxd5 Nd3 19. Re3 exd5 20. Rxd3 Bxd3 21. Qxd3 g6 22. a6 b6 23. Rc1 Kb8 24. Nf1 Qd6 25. Ne3 Rc8 26. Qd2 f5 27. Ba2 h5 28. b4 f4 29. Nf1 g5 30. Bb1 Qf6 31. Qd3 Rc7 32. b5 cxb5 33. Rxc7 Kxc7 34. Nd2 g4 35. Nf1 b4 36. g3 h4 37. gxf4 Qxf4 38. Ne3 Qf3 39. Qc2+ Kd7 40. Qa4+ Kc7 41. Bf5 Rd8 42. Bxg4 Qf7 43. Qxb4 Rd6 44. h3 Rc6 45. Nxd5+ Kb8 46. Ne3 Rc1+ 47. Kg2 Qf4 1-0

[Event "CZE-chT2B 1314"]
[Site "Czech Republic"]
[Date "2013.11.17"]
[Round "2.3"]
[White "Vales, Vaclav"]
[Black "Friml, Antonin"]
[Result "1-0"]
[WhiteElo "2123"]
[BlackElo "2093"]
[PlyCount "73"]
[EventDate "2013.11.03"]
[EventType "team-tourn"]
[EventRounds "11"]
[EventCountry "CZE"]
[SourceTitle "EXT 2015"]
[Source "ChessBase"]
[SourceDate "2014.11.20"]
[SourceVersion "1"]
[SourceVersionDate "2014.11.20"]
[SourceQuality "1"]
[WhiteTeam "Decin"]
[BlackTeam "Litvinov Lom"]
[WhiteTeamCountry "CZE"]
[BlackTeamCountry "CZE"]

1. d4 Nf6 2. Nf3 g6 3. c4 Bg7 4. Nc3 0-0 5. e4 d6 6. Be2 e5 7. 0-0 Nbd7 8. Re1 c6 9. Rb1 a5 10. Bf1 Qe7 11. d5 Nc5 12. b3 cxd5 13. cxd5 Bg4 14. Bg5 h6 15. Bd2 Nh5 16. h3 Bxf3 17. Qxf3 f5 18. exf5 Rxf5 19. Qg4 Qf7 20. Be3 Nf6 21. Qc4 Nfd7 22. Nb5 Qf6 23. Rbc1 b6 24. a3 e4 25. Bd4 Ne5 26. Qc2 a4 27. b4 Nb3 28. Rcd1 Rf8 29. Bxb6 Qg5 30. Kh1 Nd3 31. Bxd3 exd3 32. Rxd3 Nc5 33. Rg3 Qh4 34. bxc5 Rxf2 35. Qxg6 Rf1+ 36. Kh2 R1f7 37. Nxd6 1-0

[Event "Teplice op 8th"]
[Site "Teplice"]
[Date "2013.06.22"]
[Round "8"]
[White "Kula, Dominik"]
[Black "Friml, Antonin"]
[Result "1-0"]
[WhiteElo "1894"]
[BlackElo "2124"]
[PlyCount "81"]
[EventDate "2013.06.15"]
[EventType "swiss"]
[EventRounds "9"]
[EventCountry "CZE"]
[SourceTitle "CBM 155 Extra"]
[Source "ChessBase"]
[SourceDate "2013.08.26"]
[SourceVersion "1"]
[SourceVersionDate "2013.08.26"]
[SourceQuality "1"]

1. e4 c5 2. Nf3 d6 3. d4 cxd4 4. Nxd4 Nf6 5. Nc3 a6 6. Be3 Qc7 7. f3 e6 8. Qd2 Be7 9. g4 b5 10. 0-0-0 Bb7 11. g5 Nfd7 12. h4 b4 13. Nce2 Nc6 14. Kb1 Nde5 15. Ng3 Rc8 16. Be2 0-0 17. f4 Nxd4 18. Bxd4 Nc4 19. Bxc4 Qxc4 20. Rde1 Rfd8 21. b3 Qc7 22. Qf2 Rd7 23. f5 e5 24. Bb6 Qc6 25. f6 Bf8 26. fxg7 Bxg7 27. Nh5 d5 28. Nf6+ Kh8 29. Nxd7 Qxd7 30. Rhf1 Kg8 31. exd5 Bxd5 32. h5 Qc6 33. Re2 Rb8 34. Bc5 Rb5 35. Be7 Be6 36. Bf6 e4 37. Rd2 Bd5 38. Bxg7 Kxg7 39. Qd4+ Kg8 40. h6 Qg6 41. Qe5 1-0

[Event "Teplice op 8th"]
[Site "Teplice"]
[Date "2013.06.21"]
[Round "7"]
[White "Klakurka, Stanislav"]
[Black "Friml, Antonin"]
[Result "1-0"]
[WhiteElo "1936"]
[BlackElo "2124"]
[PlyCount "71"]
[EventDate "2013.06.15"]
[EventType "swiss"]
[EventRounds "9"]
[EventCountry "CZE"]
[SourceTitle "CBM 155 Extra"]
[Source "ChessBase"]
[SourceDate "2013.08.26"]
[SourceVersion "1"]
[SourceVersionDate "2013.08.26"]
[SourceQuality "1"]

1. d4 Nf6 2. c4 g6 3. Nc3 Bg7 4. e4 d6 5. Nf3 0-0 6. Be2 c6 7. 0-0 Qc7 8. Qc2 e5 9. d5 c5 10. a3 Bg4 11. Be3 a6 12. Ne1 Bxe2 13. Nxe2 Nbd7 14. f3 b5 15. b4 cxb4 16. cxb5 Qb7 17. axb4 Qxb5 18. Qd3 Rfb8 19. Qxb5 Rxb5 20. Nd3 Ne8 21. Rfc1 f5 22. Rc6 Nb8 23. Rc8 Kf7 24. Nc3 Rb7 25. Na4 a5 26. Nb6 Ra6 27. bxa5 Bh6 28. Bf2 Bd2 29. Nc4 Bc3 30. Rxe8 Kxe8 31. Rc1 Bd4 32. Bxd4 exd4 33. e5 dxe5 34. Nc5 Rb5 35. Nxa6 Nxa6 36. Nd6+ 1-0

[Event "Teplice op 8th"]
[Site "Teplice"]
[Date "2013.06.20"]
[Round "6"]
[White "Friml, Antonin"]
[Black "Lechtynsky, Jiri"]
[Result "0-1"]
[WhiteElo "2124"]
[BlackElo "2361"]
[PlyCount "64"]
[EventDate "2013.06.15"]
[EventType "swiss"]
[EventRounds "9"]
[EventCountry "CZE"]
[SourceTitle "CBM 155 Extra"]
[Source "ChessBase"]
[SourceDate "2013.08.26"]
[SourceVersion "1"]
[SourceVersionDate "2013.08.26"]
[SourceQuality "1"]

1. d4 Nf6 2. c4 e6 3. Nc3 Bb4 4. Nf3 b6 5. g3 Bb7 6. Bg2 0-0 7. 0-0 Bxc3 8. bxc3 d6 9. Qb3 Nc6 10. Nd2 Na5 11. Qc2 Bxg2 12. Kxg2 c5 13. Qd3 cxd4 14. cxd4 d5 15. cxd5 exd5 16. Bb2 Re8 17. f3 Qe7 18. Rfe1 Rac8 19. Rac1 Rxc1 20. Bxc1 h6 21. e4 dxe4 22. fxe4 Nc6 23. Ba3 Qe6 24. Nf3 Qxa2+ 25. Kf1 Na5 26. d5 Qc4 27. Qxc4 Nxc4 28. Bc1 Rxe4 29. Rd1 Kf8 30. Nh4 Re5 31. Bf4 Rxd5 32. Rc1 b5 0-1

[Event "Zalakaros op 32nd"]
[Site "Zalakaros"]
[Date "2013.05.27"]
[Round "6"]
[White "Friml, Antonin"]
[Black "Bozinovic, Bogdan"]
[Result "0-1"]
[WhiteElo "2124"]
[BlackElo "2210"]
[PlyCount "156"]
[EventDate "2013.05.22"]
[EventType "swiss"]
[EventRounds "9"]
[EventCountry "HUN"]
[SourceTitle "CBM 154 Extra"]
[Source "ChessBase"]
[SourceDate "2013.06.25"]
[SourceVersion "2"]
[SourceVersionDate "2013.06.25"]
[SourceQuality "1"]

1. e4 c5 2. Nf3 d6 3. d4 cxd4 4. Nxd4 Nf6 5. Nc3 a6 6. Bc4 e6 7. Bb3 Nbd7 8. Be3 Nc5 9. f3 Bd7 10. g4 h6 11. Qd2 b5 12. a3 Qb6 13. Qf2 Qb7 14. Nde2 Rc8 15. Bxc5 Rxc5 16. h4 a5 17. a4 bxa4 18. Nxa4 Rb5 19. Nec3 Rb4 20. 0-0-0 g6 21. g5 Nh5 22. Qe3 Bc6 23. Rhe1 Qd7 24. Nb6 Qa7 25. Nca4 hxg5 26. Qc3 Bxa4 27. Bxa4+ Rxa4 28. Qc6+ Kd8 29. Nxa4 gxh4 30. Nb6 Qc7 31. Qa8+ Ke7 32. Qxa5 Qb8 33. Nc4 Bh6+ 34. Kb1 Bf4 35. Qa3 Rc8 36. Ne3 Qb7 37. Ng4 Ra8 38. Qb3 Qxb3 39. cxb3 f5 40. exf5 gxf5 41. Ne3 Bxe3 42. Rxe3 Nf4 43. Rc3 Nd5 44. Rcc1 Rg8 45. Rh1 Rg3 46. Rxh4 Rxf3 47. Rh7+ Kf6 48. Re1 e5 49. Rh6+ Ke7 50. Rg1 Kd7 51. Rgg6 Kc6 52. Rxd6+ Kc5 53. Rd8 Rxb3 54. Rh5 Rf3 55. Rf8 Ne3 56. Rd8 Nd5 57. Rf8 Rf1+ 58. Kc2 Kd4 59. Kd2 Ke4 60. Ra8 Rf2+ 61. Kc1 Nf4 62. Ra4+ Kd3 63. Ra3+ Ke2 64. Rh1 e4 65. Kc2 Nd3 66. Kc3 Kf3 67. b4 Kg2 68. Rb1 Ne5 69. Kd4 Nf3+ 70. Ke3 Nd2 71. Rc1 Rf3+ 72. Kxd2 Rxa3 73. Rb1 f4 74. b5 Rd3+ 75. Ke1 f3 76. Rb2+ Kg1 77. b6 e3 78. Rb1 Rd2 0-1

[Event "CZE-chT2A 1213"]
[Site "Czech Republic"]
[Date "2013.03.03"]
[Round "10.3"]
[White "Holes, Michal"]
[Black "Friml, Antonin"]
[Result "1-0"]
[WhiteElo "1941"]
[BlackElo "2102"]
[PlyCount "147"]
[EventDate "2012.10.14"]
[EventType "team-tourn"]
[EventRounds "11"]
[EventCountry "CZE"]
[SourceTitle "EXT 2015"]
[Source "ChessBase"]
[SourceDate "2014.11.20"]
[SourceVersion "1"]
[SourceVersionDate "2014.11.20"]
[SourceQuality "1"]
[WhiteTeam "Karlovy Vary II"]
[BlackTeam "Litvinov Lom"]
[WhiteTeamCountry "CZE"]
[BlackTeamCountry "CZE"]

1. e4 c5 2. Nf3 d6 3. d4 cxd4 4. Nxd4 Nf6 5. Nc3 a6 6. Bc4 e6 7. Bb3 Qc7 8. Be3 b5 9. f3 Be7 10. Qd2 Nc6 11. 0-0 0-0 12. Rad1 Rd8 13. Qf2 Rb8 14. Qg3 Ne5 15. Bh6 Ng6 16. Be3 Bd7 17. a3 a5 18. f4 b4 19. axb4 axb4 20. Nce2 Nxe4 21. Qh3 Nf6 22. f5 exf5 23. Nxf5 Be6 24. Bxe6 fxe6 25. Nfd4 e5 26. Ne6 Qxc2 27. Nxd8 Rxd8 28. Rd2 Qb3 29. Nc1 Qc4 30. b3 Qg4 31. Qxg4 Nxg4 32. Bb6 Rc8 33. Na2 Rc6 34. Ba5 Bg5 35. Nxb4 Be3+ 36. Kh1 Rc8 37. Ra2 Nf2+ 38. Kg1 Ne4+ 39. Kh1 Nf2+ 40. Kg1 Nd1+ 41. Kh1 Nf2+ 42. Kg1 Ne4+ 43. Kh1 Nd2 44. Rd1 Nxb3 45. Nd5 Bc5 46. Bb6 Nd4 47. Rc1 Nb3 48. Rc3 Rf8 49. g3 Bxb6 50. Rxb3 Bc5 51. Kg2 h5 52. Rb5 e4 53. Nc7 e3 54. Ne6 Rc8 55. Rb7 Ne5 56. Rxg7+ Kh8 57. Rg5 Bb4 58. Ra7 Rc2+ 59. Kh3 Rxh2+ 60. Kxh2 Nf3+ 61. Kg2 Nxg5 62. Nxg5 e2 63. Nf3 e1Q 64. Nxe1 Bxe1 65. Rd7 h4 66. g4 Bg3 67. g5 Kg8 68. g6 Kf8 69. Kh3 Kg8 70. Kg4 Kf8 71. Kg5 h3 72. g7+ Kg8 73. Kg6 Bh4 74. Rf7 1-0

[Event "CZE-chT2A 1213"]
[Site "Czech Republic"]
[Date "2012.11.04"]
[Round "2.3"]
[White "Friml, Antonin"]
[Black "Simunek, Ales"]
[Result "1-0"]
[WhiteElo "2102"]
[BlackElo "2212"]
[PlyCount "69"]
[EventDate "2012.10.14"]
[EventType "team-tourn"]
[EventRounds "11"]
[EventCountry "CZE"]
[SourceTitle "EXT 2015"]
[Source "ChessBase"]
[SourceDate "2014.11.20"]
[SourceVersion "1"]
[SourceVersionDate "2014.11.20"]
[SourceQuality "1"]
[WhiteTeam "Litvinov Lom"]
[BlackTeam "Plzen Sokol"]
[WhiteTeamCountry "CZE"]
[BlackTeamCountry "CZE"]

1. e4 c5 2. Nf3 Nc6 3. d4 cxd4 4. Nxd4 d6 5. Nc3 Bd7 6. Bc4 a6 7. Bb3 e6 8. Be3 Nf6 9. Qe2 Na5 10. 0-0-0 Nxb3+ 11. axb3 Qa5 12. Kb1 0-0-0 13. f3 d5 14. e5 Ng8 15. Qf2 Qc7 16. Nde2 Re8 17. Rd3 Ne7 18. Rhd1 Kb8 19. Na4 Bxa4 20. bxa4 Nc6 21. f4 Ka8 22. Bb6 Qb8 23. Nc3 Bb4 24. Nb5 axb5 25. axb5 Qc8 26. bxc6 Qxc6 27. Rb3 Be7 28. Rdd3 Rc8 29. Rdc3 Qd7 30. Bc7 Qa4 31. Qb6 Qa6 32. Ra3 Bxa3 33. Rxa3 Qxa3 34. bxa3 Rhe8 35. Qa5# 1-0

[Event "Teplice op 7th"]
[Site "Teplice"]
[Date "2012.06.23"]
[Round "8"]
[White "Friml, Antonin"]
[Black "Carstensen, Jacob"]
[Result "0-1"]
[WhiteElo "2125"]
[BlackElo "2305"]
[PlyCount "164"]
[EventDate "2012.06.16"]
[EventType "swiss"]
[EventRounds "9"]
[EventCountry "CZE"]
[SourceTitle "CBM 149 Extra"]
[Source "ChessBase"]
[SourceDate "2012.08.24"]
[SourceVersion "1"]
[SourceVersionDate "2012.08.24"]
[SourceQuality "1"]

1. e4 c5 2. Nf3 d6 3. d4 cxd4 4. Nxd4 Nf6 5. Nc3 a6 6. Bg5 e6 7. f4 h6 8. Bxf6 Qxf6 9. Qd2 Nc6 10. Nf3 Qd8 11. 0-0-0 Qc7 12. Kb1 Bd7 13. Bd3 0-0-0 14. Rhe1 Kb8 15. Qe3 Na5 16. Nd2 Be7 17. Nb3 Rc8 18. Be2 Rhd8 19. Bf1 Be8 20. Bd3 Ka8 21. g3 Bf6 22. Ne2 Nc4 23. Bxc4 Qxc4 24. c3 Ba4 25. Nec1 Qc7 26. Rd2 Be8 27. Red1 Kb8 28. Nd4 Be7 29. Ndb3 Rd7 30. Nd3 Rdd8 31. Ndc1 Bf6 32. Nd3 Bc6 33. Nb4 Ba4 34. Nd3 g6 35. Ndc1 Bc6 36. Nd4 Bd7 37. Ndb3 Be7 38. Nd3 h5 39. h4 Ba4 40. Ndc1 Bf8 41. Rd4 Bc6 42. R4d2 b6 43. Nd4 Bb7 44. Nc2 Bh6 45. Rf2 Qc5 46. Qxc5 bxc5 47. Re1 Kc7 48. Nb3 Kd7 49. Nd2 Rb8 50. Ne3 Re8 51. Nec4 Bf8 52. Kc1 f5 53. e5 d5 54. Ne3 Bc6 55. Nc2 Rb7 56. Nb1 Reb8 57. Nca3 Kc7 58. Rd2 Be7 59. Ree2 Kc8 60. Rc2 Kd7 61. Rcd2 Ke8 62. Kd1 Bd8 63. Kc1 Ba5 64. Rd3 Rc7 65. Rd1 Rd8 66. Nc2 Bb6 67. Red2 Ba4 68. Nba3 Rb8 69. Nb1 Rcb7 70. Re1 Ba7 71. Ne3 Bc6 72. Na3 Ke7 73. Nb1 Rc7 74. Nc2 Rcb7 75. Ne3 Ba4 76. Ree2 Bb5 77. Re1 d4 78. Nd1 Bc6 79. Nf2 Bd5 80. b3 c4 81. cxd4 cxb3 82. a3 Rc7+ 0-1

[Event "Teplice op 7th"]
[Site "Teplice"]
[Date "2012.06.22"]
[Round "7"]
[White "Friml, Antonin"]
[Black "Hadraba, Vladimir"]
[Result "1/2-1/2"]
[WhiteElo "2125"]
[BlackElo "2247"]
[PlyCount "106"]
[EventDate "2012.06.16"]
[EventType "swiss"]
[EventRounds "9"]
[EventCountry "CZE"]
[SourceTitle "CBM 149 Extra"]
[Source "ChessBase"]
[SourceDate "2012.08.24"]
[SourceVersion "1"]
[SourceVersionDate "2012.08.24"]
[SourceQuality "1"]

1. e4 c5 2. Nf3 e6 3. d4 cxd4 4. Nxd4 a6 5. Nc3 Qc7 6. Be2 Nf6 7. 0-0 d6 8. Kh1 Be7 9. f4 Nc6 10. Be3 0-0 11. Bf3 Re8 12. Qe2 Nxd4 13. Bxd4 e5 14. Be3 exf4 15. Bxf4 Be6 16. Qf2 Nd7 17. Nd5 Bxd5 18. exd5 Bf6 19. c3 Ne5 20. Qg3 g6 21. h3 Bg7 22. Rfd1 b5 23. a4 Qb6 24. a5 Qc7 25. Be2 f5 26. Bf1 Nf7 27. Qf2 Be5 28. Be3 Qe7 29. Re1 Qf6 30. Rad1 Kg7 31. Bd3 Rac8 32. Re2 h5 33. Rc2 h4 34. c4 b4 35. c5 f4 36. Bc1 dxc5 37. Qf1 b3 38. Rf2 g5 39. Bxa6 Ra8 40. Bb5 Re7 41. a6 Nd6 42. Bd3 Qf7 43. Bb1 c4 44. Be3 Rxa6 45. Bc5 Rc7 46. Re2 Bf6 47. Bxd6 Rxd6 48. Qf3 c3 49. bxc3 Rxc3 50. Qe4 Re3 51. Rxe3 fxe3 52. Qxe3 Rxd5 53. Qxb3 Rxd1+ 1/2-1/2

[Event "Teplice op 6th"]
[Site "Teplice"]
[Date "2011.06.18"]
[Round "8"]
[White "Vrchotka, Josef"]
[Black "Friml, Antonin"]
[Result "0-1"]
[WhiteElo "2017"]
[BlackElo "2124"]
[PlyCount "82"]
[EventDate "2011.06.11"]
[EventType "swiss"]
[EventRounds "9"]
[EventCountry "CZE"]
[SourceTitle "CBM 142 Extra"]
[Source "ChessBase"]
[SourceDate "2011.06.27"]
[SourceVersion "1"]
[SourceVersionDate "2011.06.27"]
[SourceQuality "1"]

1. e4 c5 2. Nf3 d6 3. Bb5+ Bd7 4. Bxd7+ Qxd7 5. 0-0 Nc6 6. d4 cxd4 7. Nxd4 Nf6 8. Re1 e6 9. b3 Be7 10. Ba3 a6 11. c4 0-0 12. Nxc6 Qxc6 13. e5 Ne8 14. Nc3 Qc7 15. exd6 Bxd6 16. Bxd6 Nxd6 17. Qf3 Rac8 18. Rad1 Nf5 19. Ne4 Rfd8 20. h3 h6 21. Rxd8+ Rxd8 22. Rd1 Rxd1+ 23. Qxd1 Qe5 24. Qc2 Nd4 25. Qb1 Ne2+ 26. Kf1 Nf4 27. Ng3 h5 28. Kg1 h4 29. Nf1 Qg5 30. Qe4 Nxh3+ 31. Kh2 Nxf2 32. Qxb7 Qf4+ 33. Kg1 Ne4 34. Qb6 Ng3 35. Qd8+ Kh7 36. Qd1 e5 37. Qf3 Qc1 38. Qxf7 e4 39. c5 e3 40. Qc4 Qxc4 41. bxc4 e2 0-1

[Event "Teplice op 6th"]
[Site "Teplice"]
[Date "2011.06.12"]
[Round "2"]
[White "Cernousek, Lukas"]
[Black "Friml, Antonin"]
[Result "1-0"]
[WhiteElo "2418"]
[BlackElo "2124"]
[PlyCount "61"]
[EventDate "2011.06.11"]
[EventType "swiss"]
[EventRounds "9"]
[EventCountry "CZE"]
[SourceTitle "CBM 142 Extra"]
[Source "ChessBase"]
[SourceDate "2011.06.27"]
[SourceVersion "1"]
[SourceVersionDate "2011.06.27"]
[SourceQuality "1"]

1. d4 Nf6 2. c4 g6 3. g3 Bg7 4. Bg2 d6 5. Nf3 0-0 6. 0-0 Nbd7 7. Nc3 c6 8. e4 e5 9. h3 Re8 10. Be3 exd4 11. Nxd4 Nc5 12. Qc2 Qc7 13. Rad1 a5 14. Ndb5 cxb5 15. Nxb5 Qe7 16. Nxd6 Na6 17. Nxe8 Nxe8 18. f4 Bd7 19. Rd2 Bc6 20. Rfd1 Bf8 21. Bf2 Nec7 22. e5 Bxg2 23. Kxg2 Qe6 24. Qe4 b6 25. b3 Bc5 26. Qf3 Rb8 27. Bxc5 bxc5 28. Rd6 Qe8 29. Qc6 Qc8 30. g4 Nb4 31. Rd8+ 1-0

[Event "CZE-chT2B 1011"]
[Site "Czech Republic"]
[Date "2011.03.27"]
[Round "10.4"]
[White "Haman, Jakub"]
[Black "Friml, Antonin"]
[Result "1-0"]
[WhiteElo "2010"]
[BlackElo "2143"]
[PlyCount "115"]
[EventDate "2010.10.17"]
[EventType "team-tourn"]
[EventRounds "11"]
[EventCountry "CZE"]
[SourceTitle "EXT 2012"]
[Source "ChessBase"]
[SourceDate "2011.11.24"]
[SourceVersion "1"]
[SourceVersionDate "2011.11.24"]
[SourceQuality "1"]
[WhiteTeam "Kladno"]
[BlackTeam "Teplice"]
[WhiteTeamCountry "CZE"]
[BlackTeamCountry "CZE"]

1. e4 c5 2. f4 Nc6 3. Nf3 d6 4. Bb5 e6 5. 0-0 Nf6 6. Nc3 Be7 7. e5 Nd5 8. exd6 Qxd6 9. Ne4 Qc7 10. d3 0-0 11. Bxc6 Qxc6 12. c4 Nf6 13. Ne5 Qc7 14. Qf3 Nxe4 15. dxe4 b6 16. Bd2 Bb7 17. Qe3 f6 18. Nf3 Rad8 19. Bc3 Qc6 20. Rfe1 Rd7 21. Nd2 Rfd8 22. Nf1 Rd3 23. Qf2 a6 24. a4 f5 25. Ne3 fxe4 26. Qg3 Bf8 27. Re2 Qd7 28. Rf1 Bc8 29. Qg4 Qxa4 30. f5 exf5 31. Nxf5 Bxf5 32. Qxf5 Qxc4 33. Ref2 h6 34. Qg6 R3d7 35. Rf4 Qd5 36. Rxe4 Rf7 37. Ref4 Rxf4 38. Rxf4 b5 39. Rxf8+ Kxf8 40. Bxg7+ Ke7 41. Bf6+ Kd7 42. Bxd8 Kxd8 43. Qf6+ Kc7 44. h4 h5 45. Qg7+ Kb6 46. g4 Qd1+ 47. Kf2 hxg4 48. Qf6+ Kc7 49. Qf4+ Kd7 50. Qf7+ Kc6 51. h5 Qd4+ 52. Kg3 Qxb2 53. h6 Qe5+ 54. Kxg4 Qe4+ 55. Kg5 Qg2+ 56. Kf6 Qf3+ 57. Kg7 c4 58. Qxf3+ 1-0